| 000 | 01330cam a22002655a 4500 | ||
|---|---|---|---|
| 001 | 18579174 | ||
| 005 | 20201128023725.0 | ||
| 008 | 150417s2016 enka frb 001 0 eng d | ||
| 020 | _a9781138847071 (pbk.) | ||
| 040 |
_aDLC _beng _cDLC _dEG-ScBUE |
||
| 082 | 0 | 4 |
_a658.4038 _222 _bBEC |
| 100 | 1 |
_aBeckford, John, _d1958- _939844 |
|
| 245 | 1 | 4 |
_aThe intelligent organisation : _brealising the value of information / _cJohn Beckford, Ph.D. |
| 260 |
_aOxon ; _aNew York : _bRoutledge / Taylor & Francis Group, _c2016. |
||
| 300 |
_axvii, 217 p. ; _bill. : _c25 cm. |
||
| 500 | _aIndex : p. [209]-217. | ||
| 504 | _aIncludes bibliographical references. | ||
| 505 | 0 | _aThe information challenge -- The value of information -- Generating value -- Generating value: cases -- Enabling value -- Enabling value: cases -- Managing autonomy -- Managing autonomy: cases -- The information factory -- The information factory: cases -- Managing performance -- Managing performance: cases -- The intelligent organization and public services -- Dissolving the challenge: diagnosis, prognosis, treatment. | |
| 650 | 7 |
_aInformation technology _xManagement. _2BUEsh _912426 |
|
| 650 | 7 |
_aKnowledge management. _2BUEsh _912057 |
|
| 650 | 7 |
_aOrganizational effectiveness. _2BUEsh _9891 |
|
| 651 | _2BUEsh | ||
| 653 |
_bBUSADM _cApril2016 |
||
| 942 | _2ddc | ||
| 999 |
_c21644 _d21616 |
||